|
|
|
|
| LEADER |
00000nab a2200000 a 4500 |
| 001 |
vtls000045748 |
| 003 |
SK-MaSNL |
| 005 |
20260304050504.0 |
| 008 |
250422c1979 xo 0 slo |
| 015 |
|
|
|a SNBRB19rr/mm-uuuuu
|
| 035 |
|
|
|a CL0055843
|
| 035 |
|
|
|a urn:nbn:sk:snk-ab2rsf
|
| 035 |
|
|
|a (urnnbn)urn:nbn:sk:snk:ar-a02uo3
|
| 035 |
|
|
|a (uuid)57c3c701-095b-4d0a-b40b-dd244e7df589
|
| 040 |
|
|
|a SNKBUCL
|b slo
|c SNKBUCL
|e AACR2
|
| 041 |
0 |
|
|a cze
|
| 044 |
|
|
|a xo
|c SK
|
| 080 |
|
|
|a 624.1
|2 1981
|
| 080 |
|
|
|a 92 Hobst, Leoš
|2 1981
|
| 100 |
1 |
|
|a Kratochvíl, Stanislav,
|d 1907-1988
|4 aut
|9 203244
|
| 245 |
1 |
0 |
|a Dr. Ing. Leoš Hobst šedesátníkem
|c Stanislav Kratochvíl
|
| 600 |
1 |
7 |
|a Hobst, Leoš,
|d 1919-
|2 snkbucl
|9 115474
|
| 655 |
|
7 |
|a články z novín a časopisov
|2 snkbucl
|9 267496
|
| 773 |
0 |
|
|t Inženýrské stavby
|g Roč. 27, č. 10 (1979), s. 498-499
|
| 850 |
|
|
|a Slovenská národná knižnica
|
| 852 |
|
|
|a Slovenská národná knižnica
|
| 954 |
|
|
|a odborná, vedecká literatúra cudzojazyčná (svetová)
|2 lita
|
| 958 |
|
|
|a article2022
|
| 958 |
|
|
|a RK
|
| 958 |
|
|
|a CZ
|
| 958 |
|
|
|a OND
|
| 958 |
|
|
|a EUIPO
|
| 992 |
|
|
|a RBX
|
| 999 |
|
|
|c 2698521
|d 2700451
|